Math-Addition - Statistics

General Stats
  • This quiz has been taken 9 times
  • The average score is 4 of 5
Answer Stats
Hint Answer % Correct
1+1+1+1+1+99 104
100%
8+7+42 57
100%
66+7821 7887
100%
409+164 573
83%
77+943 1012
17%
No matching quizzes found
Score Distribution
Percent of People with Each Score
Percentile by Number Answered
Your Score History
You have not taken this quiz